| 000 | 00816nam a2200217 i 4500 | ||
|---|---|---|---|
| 001 | 164849 | ||
| 003 | ES-MaACL | ||
| 005 | 20250704063122.0 | ||
| 008 | 950228s1840 be |||| | fre d | ||
| 040 |
_aEUS _bspa _cEUS |
||
| 100 | 1 |
_aSavigny, Friedrich Carl von, _d1779-1861 _9104070 |
|
| 245 | 1 | 0 |
_aTraité de la possession d'après _b; Les principes du droit romain / _cpar Fr.-Ch. de Savigny ; traduit de l'allemand... par Jules Beving. |
| 260 |
_aBruxelles : _bSociété Belge de Librairie, _c1840. |
||
| 300 |
_a460 p. ; _c23 cm. |
||
| 650 | 0 | 4 |
_aPosesión (Derecho) _916323 |
| 700 | 1 |
_aBeving, Jules. _9125980 |
|
| 852 |
_aES-MaACL _jC-3614 _z-- Enc. hol. _x-- Edic.: Son 463 p. |
||
| 852 |
_aES-MaACL _jB-5488 _z-- Enc. hol. _x-- Son 463 p. |
||
| 999 |
_c164849 _d164849 |
||